Die 2 größten Städte pro Land #2 - Statistiken

Allgemein
  • Dieses Quiz wurde 99 mal gespielt
    87 seit der letzten Aktualisierung
  • Das Durchschnittsergebnis liegt bei 55 aus 135
Antwortstatistiken
Land Städte % Korrekt
Irland Dublin
100%
Italien Rom
96%
Japan Tokio
96%
Luxemburg Luxemburg
92%
Mailand
92%
Island Reykjavík
92%
Niederlande Amsterdam
91%
Mexiko Mexiko-Stadt
91%
Norwegen Oslo
91%
Lettland Riga
91%
Österreich Wien
91%
Kroatien Zagreb
91%
Israel Jerusalem
90%
Rotterdam
89%
Katar Doha
87%
Liechtenstein Vaduz
87%
Monaco Monaco
86%
Litauen Vilnius
86%
Panama Panama-Stadt
85%
Kanada Toronto
85%
Kuba Havanna
82%
Kolumbien Bogotá
81%
Kuwait Kuwait-Stadt
78%
Tel-Aviv
77%
Libanon Beirut
76%
Graz
76%
Jamaika Kingston
76%
Kosovo Pristina
76%
Montreal
75%
Kenia Nairobi
75%
Nordmaze-donien Skopje
75%
Nepal Kathmandu
73%
Malaysia Kuala Lumpur
73%
Marokko Casablanca
71%
Moldawien Chișinău
71%
Nordkorea Pjöngjang
71%
Jordanien Amman
70%
Neuseeland Auckland
70%
Montenegro Podgorica
70%
Astana
68%
Malediven Malé
67%
Bergen
66%
Dem. Rep.Kongo Kinshasa
66%
Nigeria Lagos
66%
Tripoli
66%
Mongolei Ulaanbaatar
66%
Jemen Sanaa
65%
Madagaskar Antananarivo
63%
Namibia Windhoek
63%
Split
62%
Kambodscha Phnom Penh
61%
Libyen Tripolis
61%
Medellín
56%
Cork
52%
Laos Vientiane
52%
Kirgisistan Bischkek
51%
Kongo Brazzaville
51%
Kasachstan Almaty
48%
Osttimor Dili
48%
Mali Bamako
47%
Yokohama
47%
Mosambik Maputo
46%
Liberia Monrovia
46%
Nicragua Managua
44%
Malawi Lilongwe
42%
Niger Niamey
42%
Yaoundé
42%
Christchurch
41%
Mauritius Port Louis
38%
Lahore
37%
Pakistan Karatschi
35%
Kaunas
35%
Komoren Moroni
35%
Mombas
33%
Myanmar Rangun
33%
Lesotho Maseru
32%
Mauretanien Nouakchott
32%
Tiraspol
32%
Fès
27%
Schaan
25%
Tijuana
24%
South Tarawa
23%
Kamerun Douala
20%
Marshall-Inseln Majuro
20%
Bengasi
14%
Lubumbashi
11%
Santiago de Cuba
11%
Ibadan
10%
León
9%
Palau Koror
6%
Mandalay
6%
Dare
5%
Kópavogur
5%
Osch
5%
Malta Birkirka
4%
Blantyre
4%
Esch an derAlzette
4%
Nikšić
4%
Pokhara
4%
Prizren
4%
Sihanoukville
4%
Dünaburg
3%
Erdenet
3%
Nouadhibou
3%
Rundu
3%
Salala
3%
Savannakhet
3%
Oman Sib
3%
Mikronesien Weno
3%
al-Hudaida
1%
Nauru Arijejen
1%
ar-Rayyan
1%
Baiti
1%
Kiribati Betio
1%
Ebeye
1%
Ganta
1%
Hamhŭng
1%
Hithadhoo
1%
Kumanovo
1%
Maradi
1%
Matola
1%
Meyungs
1%
Mosta
1%
Mutsamudu
1%
Net
1%
Pointe-Noire
1%
Portmore
1%
San Miguelito
1%
Sikasso
1%
Subang Jaya
1%
Teyateyaneng
1%
Toamasina
1%
Vacoas-Phoenix
1%
Zarqa
1%
Al Aḩmadī
0%
Keine übereinstimmenden Quizze gefunden
Verteilung der Resultate
Anzahl Personen mit jedem Resultat
Perzentil nach korrekt beantworteten Fragen
Ihre Resultats-Entwicklung
Sie haben dieses Quiz seit der letzten Aktualisierung nicht gespielt